Modern physics for scientists and engineers / (Record no. 13096)
[ view plain ]
| 000 -LEADER | |
|---|---|
| fixed length control field | 01282cam a2200325 a 4500 |
| 001 - CONTROL NUMBER | |
| control field | 3103031 |
| 003 - CONTROL NUMBER IDENTIFIER | |
| control field | OSt |
| 005 - DATE AND TIME OF LATEST TRANSACTION | |
| control field | 20211015162215.0 |
| 008 - FIXED-LENGTH DATA ELEMENTS--GENERAL INFORMATION | |
| fixed length control field | 990316s2000 txua 001 0 eng |
| 010 ## - LIBRARY OF CONGRESS CONTROL NUMBER | |
| LC control number | 99022847 |
| 020 ## - INTERNATIONAL STANDARD BOOK NUMBER | |
| International Standard Book Number | 0030060494 |
| 035 ## - SYSTEM CONTROL NUMBER | |
| System control number | (DLC) 99022847 |
| 040 ## - CATALOGING SOURCE | |
| Original cataloging agency | DDC |
| Transcribing agency | HU |
| Modifying agency | DLC |
| 050 00 - LIBRARY OF CONGRESS CALL NUMBER | |
| Classification number | QC21.2 |
| Item number | .T48 2000 |
| 082 00 - DEWEY DECIMAL CLASSIFICATION NUMBER | |
| Classification number | 530/THO |
| Edition number | 21 |
| 100 1# - MAIN ENTRY--PERSONAL NAME | |
| Personal name | Thornton, Stephen T. |
| 9 (RLIN) | 14017 |
| 245 10 - TITLE STATEMENT | |
| Title | Modern physics for scientists and engineers / |
| Statement of responsibility, etc. | Stephen T. Thornton, Andrew Rex. |
| 250 ## - EDITION STATEMENT | |
| Edition statement | 2nd ed. |
| 260 ## - PUBLICATION, DISTRIBUTION, ETC. | |
| Place of publication, distribution, etc. | Ft. Worth, TX : |
| Name of publisher, distributor, etc. | Saunders College Pub., |
| Date of publication, distribution, etc. | 2000. |
| 300 ## - PHYSICAL DESCRIPTION | |
| Extent | xvi, 556 p. : |
| Other physical details | ill. ; |
| Dimensions | 27 cm. |
| 500 ## - GENERAL NOTE | |
| General note | Includes index. |
| 650 #0 - SUBJECT ADDED ENTRY--TOPICAL TERM | |
| Topical term or geographic name entry element | Physics. |
| 9 (RLIN) | 1999 |
| 700 1# - ADDED ENTRY--PERSONAL NAME | |
| Personal name | Rex, Andrew F., |
| Dates associated with a name | 1956- |
| 9 (RLIN) | 14009 |
| 856 42 - ELECTRONIC LOCATION AND ACCESS | |
| Materials specified | Contributor biographical information |
| Uniform Resource Identifier | <a href="http://www.loc.gov/catdir/enhancements/fy1514/99022847-b.html">http://www.loc.gov/catdir/enhancements/fy1514/99022847-b.html</a> |
| 856 42 - ELECTRONIC LOCATION AND ACCESS | |
| Materials specified | Publisher description |
| Uniform Resource Identifier | <a href="http://www.loc.gov/catdir/enhancements/fy1514/99022847-d.html">http://www.loc.gov/catdir/enhancements/fy1514/99022847-d.html</a> |
| 856 41 - ELECTRONIC LOCATION AND ACCESS | |
| Materials specified | Table of contents only |
| Uniform Resource Identifier | <a href="http://www.loc.gov/catdir/enhancements/fy1514/99022847-t.html">http://www.loc.gov/catdir/enhancements/fy1514/99022847-t.html</a> |
| 906 ## - LOCAL DATA ELEMENT F, LDF (RLIN) | |
| a | 7 |
| b | cbc |
| c | orignew |
| d | 1 |
| e | ocip |
| f | 19 |
| g | y-gencatlg |
| 942 ## - ADDED ENTRY ELEMENTS (KOHA) | |
| Koha item type | Books like text book referance book |
| Source of classification or shelving scheme | Dewey Decimal Classification |
| Suppress in OPAC | No |
| Withdrawn status | Lost status | Source of classification or shelving scheme | Damaged status | Not for loan | Home library | Current library | Date acquired | Total Checkouts | Full call number | Barcode | Date last seen | Copy number | Price effective from | Koha item type |
|---|---|---|---|---|---|---|---|---|---|---|---|---|---|---|
| Dewey Decimal Classification | Natural & Computational Science Library | Natural & Computational Science Library | 10/15/2021 | 530/THO | NSCLIB000010590 | 10/15/2021 | 10 | 10/15/2021 | Books like text book referance book | |||||
| Dewey Decimal Classification | Natural & Computational Science Library | Natural & Computational Science Library | 10/19/2021 | 530/THO | NSCLIB000010592 | 10/19/2021 | 9 | 10/19/2021 | Books like text book referance book | |||||
| Dewey Decimal Classification | Natural & Computational Science Library | Natural & Computational Science Library | 10/20/2021 | 530THO | NSCLIB000010548 | 10/20/2021 | 4 | 10/20/2021 | Books like text book referance book | |||||
| Dewey Decimal Classification | Natural & Computational Science Library | Natural & Computational Science Library | 10/26/2021 | 530/THO | NSCLIB000010682 | 10/26/2021 | 2 | 10/26/2021 | Books like text book referance book | |||||
| Dewey Decimal Classification | Natural & Computational Science Library | Natural & Computational Science Library | 10/26/2021 | 530/THO | NSCLIB000010521 | 10/26/2021 | 5 | 10/26/2021 | Books like text book referance book | |||||
| Dewey Decimal Classification | Natural & Computational Science Library | Natural & Computational Science Library | 10/26/2021 | 530/THO | NSCLIB000010690 | 10/26/2021 | 7 | 10/26/2021 | Books like text book referance book | |||||
| Dewey Decimal Classification | Natural & Computational Science Library | Natural & Computational Science Library | 10/26/2021 | 530/THO | NSCLIB000010593 | 10/26/2021 | 3 | 10/26/2021 | Books like text book referance book |